000 00223 a2200109 4500
020 _a9781338038408
041 _aspa
100 _aJones,Noah Z
245 _aRicitos de mono y los tres barbosos
942 _cBK
952 _71
999 _c19023
_d19023